000
00279nam a2200097Ia 4500
001
652441
005
20250826154438.0
008
250824s9999 xx 000 0 und d
245
0
_a
PROFESÖR KİP İLE TÜRKÇE 4 İŞLER FENA KARIŞTI
_c
BİRSEN EKİM ÖZEN
260
_b
TİMAŞ ÇOCUK
999
_c
652441
_d
652441